00303nam a2200121Ia 4500008004100000082001500041100001800056245002200074260003300096300000800129630002200137730002200159100122s9999 xx 000 0 und d b19788a823 aWADEHOUSE P G aMONEY IN THE BANK bA HERBERT JENKINS BOOKc1963 a253 aMONEY IN THE BANK aMONEY IN THE BANK